Statistiken für Deutsche Stadien 22/23

Klicken Sie hier um das Quiz zu spielen!

Allgemein

  • Dieses Quiz wurde 430 mal gespielt
  • Das Durchschnittsergebnis liegt bei 23 aus 56

Antwortstatistiken

LigaVereinStadion% Korrekt
BLFCBAllianz-Arena
99%
BLBVBSignal-Iduna-Park
95%
BLRBLRed-Bull-Arena
86%
BLBSCOlympiastadion Berlin
85%
BLB04BayArena
84%
BLFCUStadion an der alten Försterei
84%
BLS04Veltins-Arena
84%
BLSGEDeutsche-Bank-Park
81%
BLVfBMercedes-Benz-Arena
76%
BLKOERheinenergiestadion
76%
BLSVWWohninvest-Weserstadion
76%
2BLHSVVolksparkstadion
73%
BLBMGBorussia-Park
69%
BLWOBVolkswagen-Arena
69%
2BLFCKFritz-Walter-Stadion
60%
BLSCFEuropa-Park-Stadion
51%
2BLSTPMillerntor-Stadion
50%
BLM05Mewa-Arena
49%
BLTSGPrezero-Arena
49%
2BLDSCSchücoArena
48%
2BLFCNMax-Morlock-Stadion
46%
BLFCAWWK-Arena
46%
2BLH96Heinz-von-Heiden-Arena
45%
BLBOCVonovia-Ruhrstadion
45%
2BLF95Merkur Spiel-Arena
40%
2BLKSCBBBank-Wildpark
36%
2BLSVDMerck-Stadion am Böllenfalltor
35%
3LOSNBremer Brücke
30%
2BLSGFSportpark Ronhof Thomas Sommer
30%
2BLFCHOstseestadion
29%
3LBVBStadion Rote Erde
29%
3LM60Grünwalder Stadion
28%
3LSCV
Home-Deluxe-Arena
(Sportclub-Arena)
24%
3LSCFDreisamstadion
24%
2BLKSVHolstein-Stadion
24%
2BLSCPHome-Deluxe-Arena
23%
3LMSVSchauinsland-Reisen-Arena
23%
3LOLD
Marschweg-Stadion
Heinz-von-Heiden-Arena
22%
2BLEBSEintracht-Stadion
22%
3LAUEErzgebirgsstadion
21%
2BLSSVJahnstadion Regensburg
21%
2BLHDHVoith-Arena
21%
3LSGDRudolf-Harbig-Stadion
20%
3LRWEStadion an der Hafenstraße
20%
3LFCIAudi-Sportpark
18%
3LWIEBrita-Arena
17%
2BLSVSBWT-Stadion am Hardtwald
16%
3LSVWCarl-Benz-Stadion
14%
3LFCSLudwigsparkstadion
14%
2BLFCMMDCC-Arena
14%
3LSVMHänsch-Arena
11%
3LHFCLeuna-Chemie-Stadion
9%
3LVIKSportpark Höhenberg
9%
3LBAY
Hans-Walter-Wild-Stadion
Steigerwaldstadion
7%
3LFSVGGZ-Arena
6%
3LSVEUrsapharm-Arena an der Kaiserlinde
6%

Verteilung der Resultate

Perzentil nach korrekt beantworteten Fragen

Anzahl Personen mit jedem Resultat

Ihre Resultats-Entwicklung

Sie haben dieses Quiz noch nicht gespielt